LIBRARY ONLINE CATALOGUE

Financial service accessibility strategies for farmers' economic empowerment in Kenya: (Record no. 20680)

MARC details
000 -LEADER
fixed length control field 00641nam a22001817a 4500
008 - FIXED-LENGTH DATA ELEMENTS--GENERAL INFORMATION
fixed length control field 250221b |||||||| |||| 00| 0 eng d
040 ## - CATALOGING SOURCE
Original cataloging agency KABU
Transcribing agency KABU
050 ## - LIBRARY OF CONGRESS CALL NUMBER
Classification number The HD2130
Item number .N93 2019
100 ## - MAIN ENTRY--PERSONAL NAME
Personal name Nyakweba, Thomas Ombui
245 ## - TITLE STATEMENT
Title Financial service accessibility strategies for farmers' economic empowerment in Kenya:
Remainder of title a survey of small-scale tea farmers in Kisii County /
Statement of responsibility, etc. Thomas Ombui Nyakweba
260 ## - PUBLICATION, DISTRIBUTION, ETC. (IMPRINT)
Place of publication, distribution, etc. Nakuru, Kenya:
Name of publisher, distributor, etc. Kabarak University,
Date of publication, distribution, etc. 2019
300 ## - PHYSICAL DESCRIPTION
Extent xxi, 218p.
500 ## - GENERAL NOTE
General note Unpublished thesis
650 ## - SUBJECT ADDED ENTRY--TOPICAL TERM
Topical term or geographic name as entry element Economic empowerment
700 ## - ADDED ENTRY--PERSONAL NAME
Personal name George, Gongera
700 ## - ADDED ENTRY--PERSONAL NAME
Personal name Asienga, Irene C.
942 ## - ADDED ENTRY ELEMENTS (KOHA)
Source of classification or shelving scheme Library of Congress Classification
Koha item type Thesis, Dissertation and Projecs
Holdings
Withdrawn status Lost status Source of classification or shelving scheme Not for loan Home library Current library Date acquired Inventory number Total Checkouts Full call number Barcode Date last seen Copy number Price effective from Koha item type
    Library of Congress Classification   Kabarak, Main Campus Kabarak, Main Campus 21/02/2025 2020/1688   The HD2130 .N93 2019 C.1 33332 21/02/2025 C.1 21/02/2025 Thesis, Dissertation and Projecs